| Поле | Название | Значение |
| |
Тип записи |
a |
| |
Библиографический уровень |
m |
| 001 |
Контрольный номер |
RU\infra-m\znanium\bibl\2221074 |
| 005 |
Дата корректировки |
20260429142240.2 |
| 008 |
Кодируемые данные |
260122s2026 RU g rus u |
| 020 |
Индекс ISBN |
__ |
| a |
ISBN |
978-5-91768-841-1 |
| 020 |
Индекс ISBN |
__ |
| a |
ISBN |
978-5-16-104581-7 (электр. издание) |
| 020 |
Индекс ISBN |
__ |
| a |
ISBN |
978-5-16-014791-8 (ISBN соиздателя) |
| 040 |
Источник каталогиз. |
__ |
| a |
Служба первич. каталог. |
Общество с ограниченной ответственностью «ЗНАНИУМ» |
| 041 |
Код языка издания |
__ |
| a |
Код языка текста |
rus |
| 044 |
Код страны публикации |
__ |
| a |
Код страны публикации |
RU |
| 080 |
Индекс УДК |
__ |
| a |
Индекс УДК |
340.114 |
| 084 |
Индекс другой классификации/Индекс ББК |
__ |
| 2 |
Источник индекса |
rubbk |
| a |
Индекс другой классификации/Индекс ББК |
67.,0 |
| 084 |
Индекс другой классификации/Индекс ББК |
__ |
| 2 |
Источник индекса |
okso |
| a |
Индекс другой классификации/Индекс ББК |
40.03.01 |
| 084 |
Индекс другой классификации/Индекс ББК |
__ |
| 2 |
Источник индекса |
okso |
| a |
Индекс другой классификации/Индекс ББК |
40.04.01 |
| 084 |
Индекс другой классификации/Индекс ББК |
__ |
| 2 |
Источник индекса |
okso |
| a |
Индекс другой классификации/Индекс ББК |
40.05.01 |
| 084 |
Индекс другой классификации/Индекс ББК |
__ |
| 2 |
Источник индекса |
okso |
| a |
Индекс другой классификации/Индекс ББК |
40.05.02 |
| 084 |
Индекс другой классификации/Индекс ББК |
__ |
| 2 |
Источник индекса |
okso |
| a |
Индекс другой классификации/Индекс ББК |
41.03.01 |
| 084 |
Индекс другой классификации/Индекс ББК |
__ |
| 2 |
Источник индекса |
okso |
| a |
Индекс другой классификации/Индекс ББК |
41.03.06 |
| 084 |
Индекс другой классификации/Индекс ББК |
__ |
| 2 |
Источник индекса |
okso |
| a |
Индекс другой классификации/Индекс ББК |
41.04.02 |
| 084 |
Индекс другой классификации/Индекс ББК |
__ |
| 2 |
Источник индекса |
okso |
| a |
Индекс другой классификации/Индекс ББК |
41.04.04 |
| 084 |
Индекс другой классификации/Индекс ББК |
__ |
| 2 |
Источник индекса |
okso |
| a |
Индекс другой классификации/Индекс ББК |
44.03.05 |
| 100 |
Автор |
__ |
| a |
Автор |
Клименко А.И. |
| q |
Полное имя |
Клименко Алексей Иванович |
| u |
Дополнение |
Московский университет Министерства внутренних дел Российской Федерации им. В.Я. Кикотя |
| 245 |
Заглавие |
__ |
| a |
Заглавие |
Правовая идеология современного политически организованного общества |
| b |
Продолж. заглавия |
Монография |
| c |
Ответственность |
Московский университет Министерства внутренних дел Российской Федерации им. В.Я. Кикотя |
| 250 |
Сведения об издании |
__ |
| a |
Основные сведения об издании |
1 |
| 260 |
Выходные данные |
__ |
| a |
Место издания |
Москва |
| b |
Издательство |
ООО "Юридическое издательство Норма" |
| c |
Дата издания |
2026 |
| 300 |
Физическое описание |
__ |
| a |
Объем |
384 с. |
| 520 |
Аннотация |
__ |
| a |
Аннотация |
В монографии рассматриваетсясущность и природа правовой идеологии в современном обществе (западного типа) анализируетсяее значение в условиях современного политически организованного общества. Рассматриваяправовую идеологию как механизм организации идеологической сферы общества автор описывает современные социально-политические процессы характеризующиесяувеличением идеологического компонента в праве а также возрастанием значения правового легитимационного дискурса. В работе представлено авторское видение системы функций и структуры правовой идеологии уделено внимание ее содержанию и механизму функционирования определена роль которую современнаяправоваяидеологияиграет в формировании международных правопорядков на различных уровнях (выделяются глобальный и международный региональные уровни). В этом контексте рассматривается перспектива формирования глобальной правовой идеологии анализируются основные характеристики правовой идеологии Евросоюза а также перспективы формирования правовой идеологии в пространстве евразийской интеграции. Для практикующих юристов преподавателей и студентов исследователей правовой и идеологической сфер жизни общества а также для всех интересующихся идеологической проблематикой. |
| 521 |
Примеч. о цел. назн. |
__ |
| a |
Примеч. о целев. назн. |
Дополнительное профессиональное образование |
| 650 |
Тематические рубрики |
__ |
| a |
Основная рубрика |
Право. Юридические науки |
| x |
Основная подрубрика |
Административное право. Муниципальное право. |
| 655 |
Указ. предметных рубрик (устаревшее) |
__ |
| a |
Жанр/ форма (устаревшее) |
Монография |
| 856 |
Электронный адрес документа |
4_ |
| a |
Имя сервера/домена |
znanium.ru |
| m |
Помощь |
ebs_support@infra-m.ru |
| n |
Местонахождение сервера |
НИЦ ИНФРА-М |
| u |
URL |
https://znanium.ru/catalog/document?id=476994 |
| 856 |
Электронный адрес документа |
48 |
| a |
Имя сервера/домена |
znanium.ru |
| d |
Путь |
/cover/2221 |
| f |
Электронное имя |
2221074.jpg |
| q |
Тип электронного формата |
image/jpeg |
| u |
URL |
https://znanium.ru/cover/2221/2221074.jpg |
| 911 |
|
__ |
| u |
|
0030=https://znanium.ru/catalog/document?id=476994 |